000 02147cam a2200469 a 4500
001 16746939
003 SEKU
005 20160126115554.0
008 110422s2009 nyua b 001 0 eng
010 _a 2011380147
020 _a9781606232699 (pbk. : alk. paper)
020 _a9781593851095 (hbk.)
035 _a(OCoLC)ocn388210839
040 _aS1C
_cS1C
_dIUL
_dBTCTA
_dYDXCP
_dDLC
042 _alccopycat
043 _an-us---
050 0 0 _aRJ506
_b.J88M84 2005
100 _aSwenson C. Cynthia
245 0 0 _aMultisystemic therapy and neighborhood partnerships :
_breducing adolescent violence and substance abuse /
_cCynthia Cupit Swenson ... [et al.] ; foreword by Patricia Chamberlain.
246 3 0 _aReducing adolescent violence and substance abuse
250 _apbk. ed.
260 _aNew York :
_bGuilford Press,
_c2009.
300 _axvi, 272 p. :
_bill. ;
_c24 cm.
440 _aMultisystemic therapy and neighborhood partnerships
504 _aIncludes bibliographical references (p. 252-265) and index.
650 0 _aJuvenile delinquents
_xMental health services
_zUnited States.
650 0 _aJuvenile delinquency
_xTreatment
_zUnited States.
650 0 _aConduct disorders in adolescence
_xTreatment
_zUnited States.
650 0 _aViolence in adolescence
_zUnited States
_xPrevention.
650 0 _aTeenagers
_xDrug use
_zUnited States
_xPrevention.
650 0 _aYouth
_xDrug use
_zUnited States
_xPrevention.
650 0 _aAdolescent psychotherapy
_xParent participation
_zUnited States.
650 0 _aCombined modality therapy
_zUnited States.
650 0 _aCommunity development
_zUnited States.
700 1 _aSwenson, Cindy Cupit.
856 4 2 _3Contributor biographical information
_uhttp://catdir.loc.gov/catdir/bios/guilford051/2004022183.html
856 4 2 _3Publisher description
_uhttp://catdir.loc.gov/catdir/description/guilford051/2004022183.html
856 4 1 _3Table of contents only
_uhttp://catdir.loc.gov/catdir/enhancements/fy0617/2004022183-t.html
906 _a7
_bcbc
_ccopycat
_d2
_encip
_f20
_gy-gencatlg
942 _2lcc
_cGEN
999 _c9996
_d9996